Normal view
MARC view
- الاسلام - الشريعة الاسلامية - الاسلام
Entry Topical Term
001 - CONTROL NUMBER
- control field: 49919
003 - CONTROL NUMBER IDENTIFIER
- control field: JO-AjAnu
005 - DATE AND TIME OF LATEST TRANSACTION
- control field: 20230606082225.0
008 - FIXED-LENGTH DATA ELEMENTS
- fixed length control field: 230606|| aca||aabn | a|a d
040 ## - CATALOGING SOURCE
- Original cataloging agency: JO-AjAnu
- Transcribing agency: JO-AjAnu
150 ## - HEADING--TOPICAL TERM
- Topical term or geographic name entry element: الاسلام - الشريعة الاسلامية - الاسلام
670 ## - SOURCE DATA FOUND
- Source citation: Work cat.: (JO-AjAnu)25524: الفقير، نوح مصطفى, author 49918, مدخل الى العقيدة الإسلامية